书目信息 |
| 题名: |
幼儿社会教育与活动指导
|
|
| 作者: | 张明红 编著 | |
| 分册: | ||
| 出版信息: | 上海 华东师范大学出版社 2020.10 |
|
| 页数: | 173页 | |
| 开本: | 26cm | |
| 丛书名: | ||
| 单 册: | ||
| 中图分类: | G611 | |
| 科图分类: | ||
| 主题词: | 学前教育--社会教育--教材 | |
| 电子资源: | ||
| ISBN: | 978-7-5760-0223-2 | |
| 000 | 01048nam0 2200253 450 | |
| 001 | 0102100448 | |
| 005 | 20210406101221.81 | |
| 010 | @a978-7-5760-0223-2@dCNY32.00 | |
| 100 | @a20201106d2020 em y0chiy50 ea | |
| 101 | 0 | @achi |
| 102 | @aCN@b310000 | |
| 105 | @aa z 000yy | |
| 106 | @ar | |
| 200 | 1 | @a幼儿社会教育与活动指导@Ayou er she hui jiao yu yu huo dong zhi dao@f张明红编著 |
| 205 | @a2版 | |
| 210 | @a上海@c华东师范大学出版社@d2020.10 | |
| 215 | @a173页@c图,照片@d26cm | |
| 300 | @a“新标准”学前教育专业系列教材微课版学前教育专业教材 | |
| 330 | @a本书根据《3-6岁儿童学习与发展指南》中社会领域的两个子领域——人际交往和社会适应中的一些具体目标和内容,围绕儿童学习与发展的五个核心经验,即自我意识、人际交往能力、亲社会行为、社会认知和归属感,逐个进行阐述,并增加幼儿园社会教育活动案例和资料拓展,培养学习者独立思考、分析问题和解决问题的方法和能力。 | |
| 606 | 0 | @a学前教育@x社会教育@j教材 |
| 690 | @aG611@v5 | |
| 701 | 0 | @a张明红@Azhang ming hong@4编著 |
| 801 | 0 | @aCN@bBJSZM@c20210402 |
| 905 | @b1280273-7@dG611@e1735=2@f5 | |
| 幼儿社会教育与活动指导/张明红编著.-2版.-上海:华东师范大学出版社,2020.10 |
| 173页:图,照片;26cm |
| “新标准”学前教育专业系列教材微课版学前教育专业教材 |
| ISBN 978-7-5760-0223-2:CNY32.00 |
| 本书根据《3-6岁儿童学习与发展指南》中社会领域的两个子领域——人际交往和社会适应中的一些具体目标和内容,围绕儿童学习与发展的五个核心经验,即自我意识、人际交往能力、亲社会行为、社会认知和归属感,逐个进行阐述,并增加幼儿园社会教育活动案例和资料拓展,培养学习者独立思考、分析问题和解决问题的方法和能力。 |
| ● |
| 相关链接 |
|
|
|
|
正题名:幼儿社会教育与活动指导
索取号:G611/1735=2
 
预约/预借
| 序号 | 登录号 | 条形码 | 馆藏地/架位号 | 状态 | 备注 |
| 1 | 1280273 | 212802733 | 第一样本阅览室/ [索取号:G611/1735=2] | 在馆 | |
| 2 | 1280274 | 212802742 | 教育系资料室/ [索取号:G611/1735=2] | 在馆 | |
| 3 | 1280275 | 212802751 | 教育系资料室/ [索取号:G611/1735=2] | 在馆 | |
| 4 | 1280276 | 212802760 | 第四借阅区/ [索取号:G611/1735=2] | 在馆 | |
| 5 | 1280277 | 212802779 | 第四借阅区/ [索取号:G611/1735=2] | 在馆 |